000 01166nam a22004690a 4500
001 PT36056
003 AR-LpoUNG
005 20210131230341.0
008 191001s2007||||ag |||||||||||||||||spa d
020 _a9789502312880
_c$6.65
040 _aAR-LpoUNG
_bspa
_cAR-LpoUNG
_eaacr
041 _aspa
044 _aag
082 0 _a982.065 974hac
100 1 _aDussel, Inés
245 1 0 _aHaciendo memoria en el país de nunca más
250 _a2da. ed., 3ra. reimpr.
260 _aBuenos Aires :
_bEUDEBA,
_c2007.
300 _a223 p. :
_bfot., il.
650 4 _aANALISIS SOCIOLOGICO
650 4 _aARGENTINA
650 4 _aDEMOCRACIA
650 4 _aDERECHOS HUMANOS
650 4 _aDICTADURA
650 4 _aEDUCACION
650 4 _aENSEÑANZA
650 4 _aESTADO
650 4 _aGOBIERNO MILITAR
650 4 _aGOLPES DE ESTADO
650 4 _aHISTORIA
650 4 _aHISTORIA POLITICA
650 4 _aSOCIEDAD
650 4 _aVIOLENCIA
651 4 _aArgentina
653 _aMEMORIA COLECTIVA
653 _aOLVIDO
653 _aTOLERANCIA
700 1 _aFinocchio, Silvia
700 1 _aGojman, Silvia
905 _a36056
942 _cLSALA
999 _c2916
_d2916